000 00876nam a22002055i 4500
001 153340
003 ES-MaACL
005 20250726075204.0
008 021105s1878 fr f |||| | fre d
040 _aCCPB | B
_bspa
_cCCPB | B
100 1 _aCrié, Louis.
_9126643
245 1 0 _aRecherches sur la végétation de l'Ouest de la France a l'époque tertiaire /
_cpar M. Crié.
260 _aParis :
_bG. Masson,
_c1878.
300 _a72 p., 15 h. de grab. ;
_c25 cm.
490 1 _aBibliothèque de l'École des Hautes Études. Section des Sciences Naturelles . Tome XVIII ;
_vArticle 2
650 4 _aPlantas fósiles-
_zFrancia.
_9136707
830 0 0 _aBibliothèque de l'École des Hautes Études. Section des sciences naturelles
_vArticle 2
_9181413
852 _aES-MaACL
_jG-11021(2)
_z-- Enc. hol.
_z-- Enc. en un vol. facticio
999 _c153340
_d153340